000 00888nam a2200265Ia 4500
003 OSt
005 20220925213939.0
006 a|||||r|||| 00| 0
007 ta
008 220923b |||||||| |||| 00| 0 eng d
020 _a9780824764999
_c3922.21
037 _bRKBA/09-10/4780, 31/10/2012, RAJKIRAN BOOK AGENCY
_cGeneral Book
040 _aRTL
_cRTL
_beng
041 _2eng
_aeng
082 _aX:(B2897), N7
100 _aWHEEDEN Richard L.
_9279240
245 0 _aMeasure and integral
_b An introduction to real analysis.
260 _aLondon
_bCRC Press
_c1977
300 _ax,274p.
_ccm.
490 _aPure and Applied Mathematics
650 _aSociology
700 _a ZYGMUND Antoni
_9279241
942 _hX:(B2897), N7
_cGB
_2CC
999 _c564098
_d564098